| 000 | 01668cad a22002895a 4500 | ||
|---|---|---|---|
| 001 | L152348 | ||
| 008 | 110224s2010 xxk f 000 0 eng d | ||
| 020 | _a9781842196083 | ||
| 035 | _a(Sirsi) u152348 | ||
| 041 | 0 | _aeng | |
| 050 | 0 | 4 | _a526.982 $2 18 |
| 110 | 2 |
_aRoyal Institution of Chartered Surveyors _94900 |
|
| 245 | 0 | 0 |
_aVertical aerial photography and digital imagery _h[electronic resource] _c[old edition] |
| 250 | _a5th ed. | ||
| 260 |
_aCoventry _bRICS _c2010 |
||
| 300 |
_aiv, 54p. _c30cm. |
||
| 490 | 0 |
_aRICS Guidance Note _v61/2010 |
|
| 505 | 2 | _aIntroduction -- Project information -- Camera equipment -- Flying and photo coverage -- Film and photographic products -- Digital imagery -- Digital imagery products details | |
| 520 | _aThis guidance note and client specification has been developed from the fourth edition of the RICS Specification for vertical air photography and derived digital imagery. It is part of a series of specifications intended to assist all those connected with the requesting, purchase and production of surveys and mapping material at all scales by spreading good practice and seeking to avoid duplication of effort. | ||
| 520 | _aSupersedes fourth edition (ISBN 0854069976) | ||
| 520 | _aSuperseded by Earth Observation and Aerial Surveys, 6th edition (ISBN 9781783214426) | ||
| 521 | _aAdvanced | ||
| 651 | 4 | _aUnited Kingdom | |
| 690 | _aENVIRONMENTAL AND LAND CONSULTANCY-GEOMATICS | ||
| 856 | 4 | 1 |
_uhttps://www.isurv.com/downloads/file/7949/archive_vertical_aerial_photography_and_digital_imagery_5th_edition_november_2010%E2%80%93january_2022 _zArchived on iSurv (subscription required) |
| 942 |
_n0 _2ddc |
||
| 999 |
_c112013 _d112013 |
||